Structural mechanics (Record no. 58687)

MARC details
000 -LEADER
fixed length control field 00592nam a2200181 a 4500
008 - FIXED-LENGTH DATA ELEMENTS--GENERAL INFORMATION
fixed length control field 120416s0000 ||||||||||||||||| || u
020 ## - INTERNATIONAL STANDARD BOOK NUMBER
International Standard Book Number 058201851X
050 ## - LIBRARY OF CONGRESS CALL NUMBER
Classification number TA 645 Dur
100 ## - MAIN ENTRY--PERSONAL NAME
Personal name Williams, David Thomas
245 10 - TITLE STATEMENT
Title Structural mechanics
246 ## - VARYING FORM OF TITLE
Title proper/short title Durka Frank
250 ## - EDITION STATEMENT
Edition statement 4th ed.
260 ## - PUBLICATION, DISTRIBUTION, ETC.
Place of publication, distribution, etc. Harlow, Essex
Name of publisher, distributor, etc. Longman Scientific & Technical
Date of publication, distribution, etc. 1989
300 ## - PHYSICAL DESCRIPTION
Extent ix, 266p. : ill
350 ## - PRICE (NR) (BK AM CF MU VM SE) [OBSOLETE]
Price 0.00
700 ## - ADDED ENTRY--PERSONAL NAME
Personal name Durka, Frank
995 ## - RECOMMENDATION 995 [LOCAL, UNIMARC FRANCE]
-- 0.00
-- CBU-MAIN LIBRARY (Kitwe)
-- 1
-- 9.95
-- 1
-- DAMAGED
-- Main Library Open Access Collection
Holdings
Withdrawn status Lost status Source of classification or shelving scheme Damaged status Not for loan Home library Current library Shelving location Date acquired Total Checkouts Full call number Barcode Date last seen Price effective from Koha item type
          CBU-MAIN LIBRARY, KITWE. CBU-MAIN LIBRARY, KITWE.   11/30/2022   TA 645 Dur 020302 11/30/2022 11/30/2022 MONOGRAPH